00610 2200229 4500001002100000005001500021035002000036007000300056008004100059020002200100082001000122084001600132100001900148245006400167250001000231260003700241300002900278650002000307504003100327990001100358990001100369INLIS00000000000395520190820100944 a0010-0819000098ta190820 g 0 ind  a978-602-1351-31-4 a155.4 a155.4 BIS m0 aBISRI, Mustofa1 aMelejitkan Kecerdasan Anak Melalui Dongeng /cBisri Mustofa acet.1 aYogyakarta :bParama Ilmu,c2015 aviii, 146 hlm. ;c21 cm. 4aANAK. PSIKOLOGI aBibliografi : hlm. 145-146 a5479 a a5479 b